[Event "Mauricie op"]
[Site "Trois-Rivieres CAN"]
[Date "2009.03.22"]
[Round "4"]
[White "Gulko, Andrei"]
[Black "Kovalyov, Anton"]
[Result "0-1"]
[WhiteElo "2075"]
[BlackElo "2506"]
[PlyCount "148"]
[GameId "2160767910223117"]
[EventDate "2009.03.20"]
[EventType "swiss"]
[EventRounds "5"]
[EventCountry "CAN"]
[SourceTitle "EXT 2011"]
[Source "ChessBase"]
[SourceDate "2011.11.26"]
[SourceVersion "1"]
[SourceVersionDate "2011.11.26"]
[SourceQuality "1"]

1. Nf3 Nf6 2. c4 e6 3. g3 d5 4. Bg2 Be7 5. O-O O-O 6. d4 c6 7. Qc2 b6 8. b3 a5 9. Nbd2 Bb7 10. Bb2 Na6 11. e4 Rc8 12. Rad1 Rc7 13. Qb1 Re8 14. Rfe1 Qa8 15. e5 Nd7 16. cxd5 cxd5 17. Rc1 Rec8 18. Rxc7 Nxc7 19. Rc1 a4 20. bxa4 Qxa4 21. Qc2 Qa8 22. Qb3 b5 23. Bf1 Bc6 24. Qc2 Bb7 25. Qb3 Qa6 26. Bc3 Nb6 27. Bb4 Bd8 28. Bd3 Nc4 29. h4 Ra8 30. Bb1 g6 31. h5 Qa4 32. hxg6 hxg6 33. Nf1 Na6 34. Qxa4 bxa4 35. Be1 Be7 36. Bd3 Nc7 37. Rb1 Ba6 38. Rc1 Rb8 39. Ne3 a3 40. Nxc4 dxc4 41. Bxc4 Bxc4 42. Rxc4 Nd5 43. Bd2 Rb2 44. Bg5 Rxa2 45. Bxe7 Nxe7 46. Ra4 Kg7 47. Ng5 Ra1+ 48. Kg2 a2 49. Ra8 Nc6 50. f4 Nb4 51. Ne4 Nd5 52. Nf6 Nxf6 53. exf6+ Kxf6 54. Ra7 g5 55. fxg5+ Kxg5 56. Kh2 Kh5 57. Ra5+ Kg4 58. Kg2 f6 59. Ra6 Kf5 60. Kh2 e5 61. dxe5 fxe5 62. Ra5 Kf6 63. Ra6+ Ke7 64. g4 e4 65. Kg2 e3 66. Ra3 Kf6 67. Ra6+ Kg5 68. Ra5+ Kxg4 69. Ra4+ Kf5 70. Ra5+ Ke4 71. Ra4+ Kd3 72. Ra3+ Kd2 73. Ra8 e2 74. Rd8+ Kc3 0-1

[Event "Mauricie op"]
[Site "Trois-Rivieres CAN"]
[Date "2009.03.22"]
[Round "5"]
[White "Sambuev, Bator"]
[Black "Kovalyov, Anton"]
[Result "1/2-1/2"]
[WhiteElo "2495"]
[BlackElo "2506"]
[PlyCount "73"]
[GameId "2160767910231332"]
[EventDate "2009.03.20"]
[EventType "swiss"]
[EventRounds "5"]
[EventCountry "CAN"]
[SourceTitle "EXT 2011"]
[Source "ChessBase"]
[SourceDate "2011.11.26"]
[SourceVersion "1"]
[SourceVersionDate "2011.11.26"]
[SourceQuality "1"]

1. Nf3 Nf6 2. c4 e6 3. Nc3 Bb4 4. Qc2 c5 5. a3 Ba5 6. d4 d6 7. Bg5 cxd4 8. Nxd4 O-O 9. e3 a6 10. O-O-O Bxc3 11. Qxc3 Ne4 12. Qc2 Qxg5 13. Qxe4 Nd7 14. Nf3 Qe7 15. Bd3 f5 16. Qd4 e5 17. Qd5+ Kh8 18. Bc2 Rf6 19. Ng5 Nb6 20. Qd3 h6 21. h4 Qc7 22. Qc3 Bd7 23. f4 exf4 24. exf4 Qxc4 25. Bb3 Qxf4+ 26. Kb1 Rc8 27. Qa5 Nc4 28. Qd5 Ne3 29. Qd2 Bc6 30. g3 Qxg3 31. Rh3 Qf4 32. Rxe3 Qxh4 33. Nf7+ Kh7 34. Rg1 Rc7 35. Nxd6 Qf4 36. Ne8 Bxe8 37. Rxe8 1/2-1/2

[Event "Quebec op"]
[Site "Montreal CAN"]
[Date "2007.07.20"]
[Round "1"]
[White "Ye, Ling Feng"]
[Black "Kovalyov, Anton"]
[Result "0-1"]
[WhiteElo "2141"]
[BlackElo "2510"]
[PlyCount "114"]
[GameId "2160767910576151"]
[EventDate "2007.07.20"]
[EventType "swiss"]
[EventRounds "9"]
[EventCountry "CAN"]
[SourceTitle "CBM 119 Extra"]
[Source "ChessBase"]
[SourceDate "2007.09.04"]
[SourceVersion "1"]
[SourceVersionDate "2007.09.04"]
[SourceQuality "1"]

1. e4 c5 2. Nf3 d6 3. d4 cxd4 4. Nxd4 Nf6 5. Nc3 a6 6. Be3 e5 7. Nb3 Be6 8. f4 Ng4 9. Bd2 exf4 10. Bxf4 Nc6 11. Qd2 Be7 12. O-O-O O-O 13. h3 Nge5 14. Kb1 Re8 15. g4 Rc8 16. g5 Bf8 17. h4 Na5 18. h5 Nac4 19. Bxc4 Nxc4 20. Qh2 Na3+ 21. bxa3 Rxc3 22. g6 Rh3 23. gxf7+ Kxf7 24. Qg2 Rxh1 25. Rxh1 Kg8 26. Bc1 Be7 27. h6 g6 28. Bb2 Bf6 29. Rf1 Bxb2 30. Kxb2 Bc4 31. Rd1 Qf6+ 32. Kb1 Qe5 33. Qd2 Bf7 34. Qb4 Qh5 35. Qxd6 Qxh6 36. e5 Qe3 37. Qd7 Qe2 38. Rd2 Qxe5 39. Qxb7 Rb8 40. Qd7 h5 41. Rd1 Qe6 42. Qa7 Rc8 43. Qd4 Qc4 44. Qd2 Re8 45. Qh6 Qc3 46. Qf4 Qe5 47. Qa4 Qe2 48. Qd4 Qc4 49. Qf2 Re2 50. Qc5 Qxc5 51. Nxc5 h4 52. Nd3 Kg7 53. Kc1 g5 54. Rg1 Kh6 55. Rf1 Bg6 56. Rf6 Kh5 57. Kd1 Bxd3 0-1

[Event "Quebec op"]
[Site "Montreal CAN"]
[Date "2007.07.21"]
[Round "2"]
[White "Kovalyov, Anton"]
[Black "Anastasovski, Nikola"]
[Result "1-0"]
[WhiteElo "2510"]
[BlackElo "2089"]
[PlyCount "69"]
[GameId "2160767910576160"]
[EventDate "2007.07.20"]
[EventType "swiss"]
[EventRounds "9"]
[EventCountry "CAN"]
[SourceTitle "CBM 119 Extra"]
[Source "ChessBase"]
[SourceDate "2007.09.04"]
[SourceVersion "1"]
[SourceVersionDate "2007.09.04"]
[SourceQuality "1"]

1. c4 c5 2. Nf3 Nc6 3. d4 d6 4. d5 Nb8 5. e4 Bg4 6. Be2 Nd7 7. Nc3 g6 8. Bg5 Bxf3 9. Bxf3 Bg7 10. O-O Qa5 11. Bd2 a6 12. Be2 Qc7 13. f4 Ngf6 14. a4 h6 15. Bd3 Nh5 16. g3 Bd4+ 17. Kg2 Ng7 18. Qc2 O-O-O 19. Rab1 h5 20. Ne2 Nf6 21. Nxd4 cxd4 22. h3 Qd7 23. c5 Kb8 24. c6 Qc7 25. b4 bxc6 26. dxc6 d5 27. b5 Rc8 28. e5 Nd7 29. Rfc1 Nb6 30. Ba5 Ka7 31. Bxb6+ Qxb6 32. a5 Qxa5 33. b6+ Kb8 34. c7+ Rxc7 35. Qxc7+ 1-0

[Event "Quebec op"]
[Site "Montreal CAN"]
[Date "2007.07.22"]
[Round "3"]
[White "Rychagov, Andrey"]
[Black "Kovalyov, Anton"]
[Result "1-0"]
[WhiteElo "2557"]
[BlackElo "2510"]
[PlyCount "83"]
[GameId "2160767910576185"]
[EventDate "2007.07.20"]
[EventType "swiss"]
[EventRounds "9"]
[EventCountry "CAN"]
[SourceTitle "CBM 119 Extra"]
[Source "ChessBase"]
[SourceDate "2007.09.04"]
[SourceVersion "1"]
[SourceVersionDate "2007.09.04"]
[SourceQuality "1"]

1. d4 Nf6 2. c4 e6 3. Nf3 b6 4. g3 Ba6 5. b3 Bb4+ 6. Bd2 Be7 7. Bg2 d5 8. cxd5 Nxd5 9. Nc3 Bb7 10. O-O O-O 11. Qc2 Nd7 12. Nxd5 exd5 13. b4 c6 14. Rac1 Bd6 15. e4 dxe4 16. Ng5 Nf6 17. Nxe4 Nh5 18. Ng5 g6 19. a3 a5 20. bxa5 Bxa3 21. Rb1 Be7 22. Nf3 b5 23. Ne5 b4 24. Bh6 Re8 25. Nxc6 Bxc6 26. Qxc6 Rxa5 27. Rfe1 Nf6 28. Re5 Rxe5 29. dxe5 Ng4 30. Bf4 Bf8 31. Re1 Qd4 32. Rf1 Re6 33. Qa8 Nxe5 34. Bh6 Nd7 35. Bh3 f5 36. Bg2 Rf6 37. Bg5 Rd6 38. Bf4 Rf6 39. Qa2+ Kh8 40. Bc1 Bg7 41. Bb2 b3 42. Qa8+ 1-0

[Event "Quebec op"]
[Site "Montreal CAN"]
[Date "2007.07.25"]
[Round "6"]
[White "Sandipan, Chanda"]
[Black "Kovalyov, Anton"]
[Result "1/2-1/2"]
[WhiteElo "2563"]
[BlackElo "2510"]
[PlyCount "143"]
[GameId "2160767910576242"]
[EventDate "2007.07.20"]
[EventType "swiss"]
[EventRounds "9"]
[EventCountry "CAN"]
[SourceTitle "CBM 119 Extra"]
[Source "ChessBase"]
[SourceDate "2007.09.04"]
[SourceVersion "1"]
[SourceVersionDate "2007.09.04"]
[SourceQuality "1"]

1. e4 c5 2. Nf3 d6 3. Bb5+ Nd7 4. c3 Ngf6 5. Qe2 a6 6. Ba4 e5 7. O-O Be7 8. d4 b5 9. Bc2 O-O 10. dxe5 dxe5 11. Rd1 Qc7 12. Nbd2 Bb7 13. Nf1 Rfe8 14. Bg5 g6 15. Rd2 c4 16. Rad1 Nc5 17. Bxf6 Bxf6 18. Ne3 Rad8 19. Nd5 Bxd5 20. Rxd5 Rxd5 21. Rxd5 Rd8 22. Qd2 Rxd5 23. Qxd5 Kg7 24. g3 Nd7 25. b4 cxb3 26. Bxb3 Nb6 27. Qd3 h6 28. h4 h5 29. Ne1 Qd7 30. Qxd7 Nxd7 31. Nd3 Be7 32. Bd5 f6 33. Nb4 Nc5 34. Kf1 Bd8 35. Ke2 Bb6 36. Bc6 Kf7 37. f3 Bc7 38. c4 bxc4 39. Bd5+ Kg7 40. Bxc4 a5 41. Nd5 Bd6 42. Ne3 Nd7 43. Be6 Nb6 44. g4 hxg4 45. fxg4 Bc5 46. Nf1 Ba3 47. Nh2 Bc1 48. Nf3 Bf4 49. Kd3 Bg3 50. Bb3 Bf4 51. Bc4 Bc1 52. Ba6 Bf4 53. Bb7 Bc1 54. Bc6 Kf7 55. h5 Bg5 56. Kc3 Kg7 57. Be8 gxh5 58. gxh5 Kh6 59. Kb3 Kg7 60. Bg6 Kh6 61. Bf7 Kg7 62. Be8 Kh6 63. Bg6 Kg7 64. Ng1 Bh4 65. Ne2 Be1 66. Nc1 Bd2 67. Nd3 Be3 68. Kc3 Bd4+ 69. Kc2 Nc8 70. Kb3 Ne7 71. Be8 f5 72. exf5 1/2-1/2

[Event "Quebec op"]
[Site "Montreal CAN"]
[Date "2007.07.26"]
[Round "7"]
[White "Kovalyov, Anton"]
[Black "Rozentalis, Eduardas"]
[Result "1/2-1/2"]
[WhiteElo "2510"]
[BlackElo "2551"]
[PlyCount "82"]
[GameId "2160767910576251"]
[EventDate "2007.07.20"]
[EventType "swiss"]
[EventRounds "9"]
[EventCountry "CAN"]
[SourceTitle "CBM 119 Extra"]
[Source "ChessBase"]
[SourceDate "2007.09.04"]
[SourceVersion "1"]
[SourceVersionDate "2007.09.04"]
[SourceQuality "1"]

1. c4 b6 2. d4 e6 3. a3 Nf6 4. d5 c6 5. Nc3 cxd5 6. cxd5 exd5 7. g3 Na6 8. Bg2 Nc7 9. Nh3 Bb7 10. Nf4 Be7 11. O-O O-O 12. Be3 Re8 13. Bd4 Bd6 14. Bxf6 Qxf6 15. Nfxd5 Nxd5 16. Bxd5 Bc6 17. Rc1 Be5 18. Qd3 h5 19. Rc2 Bxc3 20. Rxc3 Re5 21. Bxc6 dxc6 22. Qa6 c5 23. e3 h4 24. Qe2 Rae8 25. Rd1 g6 26. Rcd3 Kg7 27. Rd6 Qf5 28. g4 Qe4 29. h3 R8e6 30. Rxe6 Rxe6 31. Qd3 Qf3 32. Qf1 b5 33. Rd2 c4 34. Qg2 Qf6 35. Rd4 Rd6 36. Qe4 a5 37. Kg2 Rxd4 38. exd4 b4 39. axb4 axb4 40. d5 c3 41. bxc3 bxc3 1/2-1/2

[Event "Quebec op"]
[Site "Montreal CAN"]
[Date "2007.07.28"]
[Round "9"]
[White "Aveskulov, Valeriy"]
[Black "Kovalyov, Anton"]
[Result "1/2-1/2"]
[WhiteElo "2539"]
[BlackElo "2510"]
[PlyCount "73"]
[GameId "2160767910576280"]
[EventDate "2007.07.20"]
[EventType "swiss"]
[EventRounds "9"]
[EventCountry "CAN"]
[SourceTitle "CBM 119 Extra"]
[Source "ChessBase"]
[SourceDate "2007.09.04"]
[SourceVersion "1"]
[SourceVersionDate "2007.09.04"]
[SourceQuality "1"]

1. e4 c5 2. Nf3 d6 3. d4 cxd4 4. Nxd4 Nf6 5. Nc3 a6 6. a4 Nc6 7. Be2 e6 8. O-O Be7 9. Be3 O-O 10. f4 Bd7 11. Qe1 Qc7 12. Qg3 Kh8 13. Kh1 Rac8 14. Nf3 Nb4 15. Bd3 Nxd3 16. cxd3 Qa5 17. Bd2 Qb6 18. e5 Ng8 19. a5 Qd8 20. Ne4 Bb5 21. exd6 Bxd6 22. Bc3 f6 23. Nd4 Qe7 24. Rae1 Bd7 25. Nd2 Qf7 26. Nc4 Bc7 27. Qf3 Rb8 28. Bb4 Rfd8 29. Bd6 Bxd6 30. Nxd6 Qe7 31. Nc4 Nh6 32. Re2 Bc8 33. Qe4 Qc5 34. Nb3 Qb4 35. Nd4 Qc5 36. Nb3 Qb4 37. Nd4 1/2-1/2

[Event "CAN-op"]
[Site "Ottawa CAN"]
[Date "2007.07.07"]
[Round "1"]
[White "Predescu, Sebastian"]
[Black "Kovalyov, Anton"]
[Result "0-1"]
[WhiteElo "2236"]
[BlackElo "2510"]
[PlyCount "80"]
[GameId "2160767910576477"]
[EventDate "2007.07.07"]
[EventType "swiss"]
[EventRounds "10"]
[EventCountry "CAN"]
[SourceTitle "CBM 119 Extra"]
[Source "ChessBase"]
[SourceDate "2007.09.04"]
[SourceVersion "1"]
[SourceVersionDate "2007.09.04"]
[SourceQuality "1"]

1. e4 c5 2. Nf3 d6 3. d4 cxd4 4. Nxd4 Nf6 5. Nc3 a6 6. Be3 e5 7. Nde2 Be6 8. f4 Ng4 9. Bg1 exf4 10. Nxf4 Ne5 11. Bd3 g6 12. Ncd5 Nbd7 13. Bd4 Bg7 14. c3 O-O 15. O-O Nc5 16. Bc2 Rc8 17. b4 Bg4 18. Qe1 Ne6 19. Nxe6 Bxe6 20. Bb6 Qe8 21. Nf6+ Bxf6 22. Rxf6 Qb5 23. Bd4 Nc6 24. Qd2 Nxd4 25. cxd4 Qc6 26. Bd3 Qb6 27. Qb2 Bc4 28. Rd1 Bxd3 29. Rxd3 Rc4 30. a3 Qc6 31. Qe2 Rc1+ 32. Rf1 Re8 33. Re3 Rxf1+ 34. Kxf1 Qc1+ 35. Kf2 Rc8 36. Kf3 Rc2 37. Qe1 Qb2 38. e5 Qxd4 39. exd6 Qf6+ 40. Ke4 Qe6+ 0-1

[Event "CAN-op"]
[Site "Ottawa CAN"]
[Date "2007.07.08"]
[Round "2"]
[White "Kovalyov, Anton"]
[Black "Henry, Liam"]
[Result "1-0"]
[WhiteElo "2510"]
[BlackElo "2118"]
[PlyCount "89"]
[GameId "2160767910576514"]
[EventDate "2007.07.07"]
[EventType "swiss"]
[EventRounds "10"]
[EventCountry "CAN"]
[SourceTitle "CBM 119 Extra"]
[Source "ChessBase"]
[SourceDate "2007.09.04"]
[SourceVersion "1"]
[SourceVersionDate "2007.09.04"]
[SourceQuality "1"]

1. c4 g6 2. d4 Bg7 3. e4 d6 4. Nc3 Nf6 5. Be2 O-O 6. Nf3 e5 7. Be3 Ng4 8. Bg5 f6 9. Bh4 g5 10. Bg3 Nh6 11. d5 Nd7 12. O-O f5 13. exf5 Nc5 14. Qd2 Nf7 15. b4 Na6 16. Ne4 h6 17. Bd3 Bxf5 18. Rab1 Nh8 19. Qc2 Qe7 20. Rfe1 Rf7 21. b5 Nb8 22. c5 Bxe4 23. Bxe4 Nd7 24. cxd6 cxd6 25. Nd4 Nc5 26. Bh7+ Kf8 27. Bf5 Qf6 28. Ne6+ Nxe6 29. Bxe6 Re7 30. Rb3 Ng6 31. Rc3 Nf4 32. Bxf4 exf4 33. Rc4 Bh8 34. h4 Kg7 35. h5 Kf8 36. Qd3 Qg7 37. g3 Qf6 38. Kg2 Rae8 39. Ree4 fxg3 40. fxg3 Kg7 41. Re2 Rf8 42. Rc1 b6 43. Kh2 Rfe8 44. Rf1 Qxf1 45. Qg6+ 1-0

[Event "CAN-op"]
[Site "Ottawa CAN"]
[Date "2007.07.08"]
[Round "3"]
[White "Short, Nigel"]
[Black "Kovalyov, Anton"]
[Result "1-0"]
[WhiteElo "2683"]
[BlackElo "2510"]
[PlyCount "121"]
[GameId "2160767910576566"]
[EventDate "2007.07.07"]
[EventType "swiss"]
[EventRounds "10"]
[EventCountry "CAN"]
[SourceTitle "CBM 119 Extra"]
[Source "ChessBase"]
[SourceDate "2007.09.04"]
[SourceVersion "1"]
[SourceVersionDate "2007.09.04"]
[SourceQuality "1"]

1. e4 c5 2. Nf3 d6 3. d4 cxd4 4. Nxd4 Nf6 5. Nc3 a6 6. Be2 e5 7. Nb3 Be7 8. Be3 Be6 9. O-O O-O 10. Nd5 Nbd7 11. Qd3 Bxd5 12. exd5 Nc5 13. Qd2 Qc7 14. f3 Nfd7 15. Na5 b6 16. Nc6 Bf6 17. b4 Nb7 18. Rac1 Nd8 19. Rfd1 Re8 20. a4 Nb7 21. Bd3 Nd8 22. Qe2 Nxc6 23. dxc6 Qxc6 24. Be4 Qc7 25. Bxa8 Rxa8 26. Qd3 Be7 27. c4 a5 28. c5 bxc5 29. bxc5 Nxc5 30. Bxc5 dxc5 31. Qd7 Rc8 32. Rc2 g6 33. Kf1 Kf8 34. Qxc7 Rxc7 35. Rb1 c4 36. Rbc1 Rd7 37. Rxc4 Bb4 38. Rc7 Rd4 39. Rb7 Kg7 40. Rcc7 Rf4 41. Ke2 h5 42. g3 Rf6 43. h4 Rf5 44. Rd7 Rf6 45. Rbc7 Rf5 46. Rc4 Rf6 47. g4 hxg4 48. fxg4 Ba3 49. Rd5 Bb2 50. g5 Ra6 51. Rcc5 Bd4 52. Rxa5 Rc6 53. Ra8 Ba1 54. Rdd8 e4 55. a5 Rc2+ 56. Ke3 Rc3+ 57. Kxe4 Rc4+ 58. Kd3 Rxh4 59. a6 Rg4 60. a7 Rxg5 61. Rac8 1-0

[Event "CAN-op"]
[Site "Ottawa CAN"]
[Date "2007.07.09"]
[Round "4"]
[White "Kovalyov, Anton"]
[Black "Huber, Gregory"]
[Result "1/2-1/2"]
[WhiteElo "2510"]
[BlackElo "2211"]
[PlyCount "88"]
[GameId "2160767910576596"]
[EventDate "2007.07.07"]
[EventType "swiss"]
[EventRounds "10"]
[EventCountry "CAN"]
[SourceTitle "CBM 119 Extra"]
[Source "ChessBase"]
[SourceDate "2007.09.04"]
[SourceVersion "1"]
[SourceVersionDate "2007.09.04"]
[SourceQuality "1"]

1. c4 c5 2. Nf3 Nf6 3. Nc3 e6 4. g3 b6 5. Bg2 Bb7 6. O-O Be7 7. Re1 d6 8. e4 a6 9. d4 cxd4 10. Nxd4 Qc7 11. Be3 Nbd7 12. Rc1 O-O 13. f4 Rfe8 14. Bf2 Bf8 15. Nb3 Rac8 16. Nd2 Qb8 17. Qe2 Red8 18. g4 g6 19. Bh4 Bg7 20. h3 h6 21. Rc2 Re8 22. Bg3 Red8 23. Rec1 Qa7 24. Kh2 Qa8 25. b4 Qb8 26. Nb3 h5 27. Bf3 hxg4 28. hxg4 e5 29. f5 Bh6 30. Rh1 Kg7 31. Kg2 Bg5 32. Bh4 Bxh4 33. Rxh4 Rh8 34. Rxh8 Rxh8 35. g5 Nh5 36. f6+ Kg8 37. Qe3 Nf4+ 38. Kf1 Qc8 39. Ne2 Nxf6 40. gxf6 Qh3+ 41. Kf2 Qh4+ 42. Kf1 Qh3+ 43. Kf2 Qh4+ 44. Kf1 Qh3+ 1/2-1/2

[Event "CAN-op"]
[Site "Ottawa CAN"]
[Date "2007.07.10"]
[Round "5"]
[White "Reeve, Jeff"]
[Black "Kovalyov, Anton"]
[Result "0-1"]
[WhiteElo "2205"]
[BlackElo "2510"]
[PlyCount "44"]
[GameId "2160767910642186"]
[EventDate "2007.07.07"]
[EventType "swiss"]
[EventRounds "10"]
[EventCountry "CAN"]
[SourceTitle "CBM 119 Extra"]
[Source "ChessBase"]
[SourceDate "2007.09.04"]
[SourceVersion "1"]
[SourceVersionDate "2007.09.04"]
[SourceQuality "1"]

1. e4 c5 2. Nf3 d6 3. d4 cxd4 4. Nxd4 Nf6 5. Nc3 a6 6. Bg5 e6 7. f4 Qc7 8. Bd3 Nbd7 9. Qf3 b5 10. O-O-O Bb7 11. Rhe1 Qb6 12. Nd5 exd5 13. exd5+ Kd8 14. Bf5 Kc7 15. Qc3+ Qc5 16. Qa5+ Kb8 17. Nc6+ Bxc6 18. dxc6 Qxc6 19. Bxf6 Nxf6 20. Rd3 Qc7 21. Qd2 d5 22. g4 Bd6 0-1

[Event "CAN-op"]
[Site "Ottawa CAN"]
[Date "2007.07.13"]
[Round "8"]
[White "Kovalyov, Anton"]
[Black "Voloaca, Mihnea"]
[Result "1-0"]
[WhiteElo "2510"]
[BlackElo "2228"]
[PlyCount "71"]
[GameId "2160767910642312"]
[EventDate "2007.07.07"]
[EventType "swiss"]
[EventRounds "10"]
[EventCountry "CAN"]
[SourceTitle "CBM 119 Extra"]
[Source "ChessBase"]
[SourceDate "2007.09.04"]
[SourceVersion "1"]
[SourceVersionDate "2007.09.04"]
[SourceQuality "1"]

1. c4 e5 2. Nc3 Nc6 3. g3 g6 4. Bg2 Bg7 5. d3 Nge7 6. e3 d6 7. Nge2 h5 8. h3 Be6 9. Nd5 h4 10. g4 f5 11. g5 Qd7 12. Bd2 Nd8 13. Bc3 Ng8 14. f4 c6 15. Nb4 Nf7 16. b3 Ne7 17. d4 Qc7 18. O-O a5 19. Nc2 a4 20. Qd2 Ra7 21. Rfd1 O-O 22. Ne1 e4 23. Bf1 b5 24. d5 cxd5 25. Bxg7 Kxg7 26. cxb5 Kh7 27. Qd4 Qc5 28. bxa4 Rfa8 29. Rdc1 Qa3 30. Rc3 Qxa4 31. Qxa4 Rxa4 32. Rc7 R8a7 33. Rac1 d4 34. Nxd4 Bxa2 35. b6 Rxc7 36. Rxc7 1-0

[Event "CAN-op"]
[Site "Ottawa CAN"]
[Date "2007.07.14"]
[Round "9"]
[White "Hua, Lefong"]
[Black "Kovalyov, Anton"]
[Result "0-1"]
[WhiteElo "2323"]
[BlackElo "2510"]
[PlyCount "90"]
[GameId "2160767910642346"]
[EventDate "2007.07.07"]
[EventType "swiss"]
[EventRounds "10"]
[EventCountry "CAN"]
[SourceTitle "CBM 119 Extra"]
[Source "ChessBase"]
[SourceDate "2007.09.04"]
[SourceVersion "1"]
[SourceVersionDate "2007.09.04"]
[SourceQuality "1"]

1. d4 Nf6 2. c4 e6 3. Nc3 Bb4 4. e3 b6 5. Nge2 Ba6 6. Ng3 Bxc3+ 7. bxc3 d5 8. Be2 Bxc4 9. Bxc4 dxc4 10. Qa4+ Qd7 11. Qxc4 Qc6 12. Qxc6+ Nxc6 13. e4 Na5 14. Ke2 Nd7 15. Be3 O-O-O 16. Nf1 f5 17. f3 Nc4 18. Nd2 Nxd2 19. Bxd2 Rhf8 20. Rhf1 Rf7 21. Be3 h6 22. a4 Nf6 23. e5 Nd5 24. Bd2 Rfd7 25. g4 Ne7 26. Be3 Kb7 27. h4 fxg4 28. fxg4 Nd5 29. Bd2 c5 30. g5 hxg5 31. hxg5 cxd4 32. cxd4 Ne7 33. Rf7 Nf5 34. Rxd7+ Rxd7 35. Bc3 Nxd4+ 36. Bxd4 Rxd4 37. Rf1 Rxa4 38. Rf7+ Kc6 39. Rxg7 Kd5 40. g6 Kxe5 41. Rg8 Kf6 42. Kf3 Ra1 43. Kf2 Ra5 44. Kf3 Rg5 45. Ra8 a5 0-1

[Event "CAN-op"]
[Site "Ottawa CAN"]
[Date "2007.07.15"]
[Round "10"]
[White "Kovalyov, Anton"]
[Black "De la Paz Perdomo, Frank"]
[Result "1/2-1/2"]
[WhiteElo "2510"]
[BlackElo "2452"]
[PlyCount "66"]
[GameId "2160767910642390"]
[EventDate "2007.07.07"]
[EventType "swiss"]
[EventRounds "10"]
[EventCountry "CAN"]
[SourceTitle "CBM 119 Extra"]
[Source "ChessBase"]
[SourceDate "2007.09.04"]
[SourceVersion "1"]
[SourceVersionDate "2007.09.04"]
[SourceQuality "1"]

1. c4 Nf6 2. Nc3 g6 3. d4 Bg7 4. e4 d6 5. Be2 O-O 6. Nf3 e5 7. Be3 Na6 8. O-O Ng4 9. Bg5 f6 10. Bc1 Nh6 11. b3 Nf7 12. dxe5 dxe5 13. Ba3 Re8 14. c5 c6 15. Bxa6 Qa5 16. Bxb7 Bxb7 17. Qc1 Rad8 18. b4 Qa6 19. Bb2 Qc4 20. a3 Bh6 21. Qc2 Bc8 22. Rfd1 Bg4 23. Rxd8 Rxd8 24. Rd1 Bxf3 25. Rxd8+ Nxd8 26. gxf3 Ne6 27. Qb1 Kf7 28. Qf1 Qb3 29. Qd1 Qxb2 30. Qd7+ Kf8 31. Qd6+ Kf7 32. Qd7+ Kf8 33. Qd6+ Kf7 1/2-1/2